| 000 | 00502nam a2200157 i 4500 | ||
|---|---|---|---|
| 001 | 60280 | ||
| 003 | ES-MaACL | ||
| 005 | 20230906164211.0 | ||
| 007 | t| | ||
| 008 | 031104s1959 sp ||||1| spa d | ||
| 100 | 1 |
_aEspresati, Carlos G. _947945 |
|
| 245 | 1 | 0 |
_aIncensario _b: (rimas devotas y seglares) / _cCarlos G. Espresati. |
| 260 |
_aCastellón de la Plana : _b[s.n., _c1958] ( _fTalls. Gráfs. Hijos de F. Armengot, _g1959) |
||
| 300 |
_a127 p. ; _c17 cm. |
||
| 852 |
_aES-MaACL _jC-16369 _bR.44006 |
||
| 999 |
_c60280 _d60280 |
||